| 000 | 00899nas a2200265 4500 | ||
|---|---|---|---|
| 001 | BR2016004212 | ||
| 003 | BR-BrBNA | ||
| 005 | 20231205130807.0 | ||
| 007 | ta | ||
| 008 | 230509b bl.|||p| |||| 00| 00por d | ||
| 040 |
_aBR-BrBNA _bpor _cBiblioteca Nacional de Agricultura |
||
| 041 | _a(En) | ||
| 072 | _aM11; P01 | ||
| 100 | 1 | _aFerreira, N.C. | |
| 100 | 1 | _aFreire, A.S. | |
| 245 | 1 | _aSpatio-temporal viriation of the pink shrimp Farfantepenaeus paulensis (Crustacea, Decapoda, Penaeidae)associated to the seasonal overture of the sandbar in a subtropical lagoon | |
| 650 | _aCAMARÃO ROSA | ||
| 650 | _aVARIAÇÃO SAZONAL | ||
| 650 | _aBIOMASSA | ||
| 650 | _aLAGOA | ||
| 650 | _aPESCA ARTESANAL | ||
| 773 | 0 |
_tIheringia - Série Zoologia (Brazil) _xISSN 0073-4721 _g(Dec 2009), v. 99(4) p. 390-396 _wBR2016004212 |
|
| 909 |
_a202311 _bLúcia _c55 _dLúcia Elande |
||
| 942 |
_2AGRIS _n0 _cANA |
||
| 999 |
_c251284 _d251284 |
||